00650nam a2200193Ia 4500008004100000100002300041245009900064245002500163260003300188260000900221300002900230440003500259650001200294650002000306650001400326650002500340999001900365952007200384190511s9999 xx 000 0 und d aLeding, Juliana K. 4aThe animacy advantage in memory: Manipulating of levels of processing of survival processing / cJuliana K. Leding.-- bUniversity of Illinois Press c2018 aPages 273-281, Fall 2018 aJournal of Psychologyv131 (3) aAnimacy aEpisodic memory aevolution aLevels of processing c361834d361834 001040aCLbCLd2019-05-11l0r2019-05-11 00:00:00w2019-05-11ySE